| 000 | 00794nam a2200133Ia 4500 | ||
|---|---|---|---|
| 008 | 171212s9999 xx 000 0 und d | ||
| 020 | _a9780833046161 | ||
| 100 | _aJackson, Brian A.;Schaefer, Agnes Gereben;Noricks, Darcy;Goldsmith, Benjamin W;Lester, Genevieve | ||
| 245 |
_cJackson, Brian A.;Schaefer, Agnes Gereben;Noricks, Darcy;Goldsmith, Benjamin W;Lester, Genevieve _aThe Challenge of Domestic Intelligence in a Free Society _bA Multidisciplinary Look at the Creation of a U.S. Domestic Counterterrorism Intelligence Agency |
||
| 260 |
_bRAND Corporation _c2009 |
||
| 650 | _aIntelligence service -- United States; Terrorism -- United States -- Prevention; Terrorism -- Government policy -- United States | ||
| 650 | _aPolitical Science | ||
| 856 | _uwww.jstor.org/stable/10.7249/mg804dhs | ||
| 999 |
_c352622 _d352622 |
||